Políticas públicas e inversión social destinadas a la niñez y adolescencia en la provincia de Mendoza (Registro nro. 3907)

Detalles MARC
000 -LEADER
fixed length control field 01391 a2200289 4500
001 - CONTROL NUMBER
control field 45056
005 - DATE AND TIME OF LATEST TRANSACTION
control field 20260407155726.0
008 - FIXED-LENGTH DATA ELEMENTS--GENERAL INFORMATION
fixed length control field 260407a2010 arg spa d
003 - CONTROL NUMBER IDENTIFIER
control field AR-UNSa-BCEJYS
040 ## - CATALOGING SOURCE
Original cataloging agency AR-UNSa-BCEJYS
Language of cataloging spa
Transcribing agency AR-UNSa-BCEJYS
080 ## - UNIVERSAL DECIMAL CLASSIFICATION NUMBER
Universal Decimal Classification number 304.4
Common auxiliary subdivision Aspectos generales de las políticas y prácticas sociales y culturales (política social)
020 ## - INTERNATIONAL STANDARD BOOK NUMBER
International Standard Book Number 978-92-806-4466-2
041 ## - LANGUAGE CODE
Language code of text/sound track or separate title spa
100 1# - MAIN ENTRY--PERSONAL NAME
Personal name Salcedo, Diego
245 10 - TITLE STATEMENT
Title Políticas públicas e inversión social destinadas a la niñez y adolescencia en la provincia de Mendoza
Name of part/section of a work 2000-2007
264 #1 - PRODUCTION, PUBLICATION, DISTRIBUTION, MANUFACTURE, AND COPYRIGHT NOTICE
Place of production, publication, distribution, manufacture Mendoza :
Name of producer, publisher, distributor, manufacturer Universidad Nacional de Cuyo. Facultad de Ciencias Políticas y Sociales
Date of production, publication, distribution, manufacture, or copyright notice 2010
300 ## - PHYSICAL DESCRIPTION
Extent 95 p.
Dimensions 27 cm.
505 ## - FORMATTED CONTENTS NOTE
Formatted contents note 1.Encuadre ideológico y conceptual – 2. El contexto institucional y jurídico – 3. Consideraciones metodológicas – 4. Análisis de la investigación publica en infancia en la provincia de Mendoza – 5. Políticas educativas, de salud y de desarrollo social destinadas a la niñez y a la adolescencia en la provincia de Mendoza.
590 ## - LOCAL NOTE (RLIN)
Local note niveau_biblio:m niveau_hierar:0
700 1# - ADDED ENTRY--PERSONAL NAME
Personal name Zlotolow, Alejandro
700 1# - ADDED ENTRY--PERSONAL NAME
Personal name Reynoso, Sergio
700 1# - ADDED ENTRY--PERSONAL NAME
Personal name Rojo, Ricardo
700 1# - ADDED ENTRY--PERSONAL NAME
Personal name Montoya, Gustavo
700 1# - ADDED ENTRY--PERSONAL NAME
Personal name Romero, Luis
856 41 - ELECTRONIC LOCATION AND ACCESS
Uniform Resource Identifier <a href="https://www.biblioeco.unsa.edu.ar/pmb/images/libros/L127078.jpg">https://www.biblioeco.unsa.edu.ar/pmb/images/libros/L127078.jpg</a>
Link text Imagen de portada
Electronic format type image/jpeg
942 ## - ADDED ENTRY ELEMENTS (KOHA)
Koha item type
Existencias
Withdrawn status Lost status Damaged status Not for loan Home library Current library Shelving location Date acquired Total checkouts Full call number Barcode Date last seen Price effective from Koha item type
        Biblioteca Prof. Eusebio Cleto del Rey Biblioteca Prof. Eusebio Cleto del Rey   07/04/2026   304.4 Z82 L127078 07/04/2026 07/04/2026 Libro